Every city in Entre Ríos, Argentina - Statistics

General Stats
  • This quiz has been taken 130 times
  • The average score is 33 of 168
Answer Stats
Population City % Correct
40,507 Gualeguay
100%
80,614 Gualeguaychú
100%
149,450 Concordia
96%
247,139 Paraná
96%
23,150 Colón
84%
19,142 Diamante
84%
16,075 Federal
84%
30,623 Victoria
84%
22,824 Nogoyá
80%
72,528 Concepción del Uruguay
76%
16,658 Federación
76%
24,307 La Paz
68%
32,881 Villaguay
64%
1,940 Villa Paranacito
64%
12,801 Rosario del Tala
60%
16,336 San José
60%
12,733 San Salvador
60%
32,734 Chajarí
56%
4,520 Ibicuy
56%
10,266 Villa Elisa
52%
9,485 Basavilbaso
40%
19,536 Crespo
40%
1,274 Puerto Yeruá
40%
8,577 Bovril
36%
661 Villa Urquiza
36%
2,970 Colonia Avellaneda
32%
4,741 General Galarza
32%
7,557 María Grande
32%
4,116 Oro Verde
32%
4,143 San Jaime de la Frontera
32%
10,282 San José de Feliciano
32%
905 Santa Ana
32%
17,791 Santa Elena
32%
8,580 Urdinarrain
32%
9,383 Viale
32%
895 Aldea Brasilera
28%
1,724 Colonia Ayuí
28%
574 Médanos
28%
2,845 Sauce de Luna
28%
3,234 Ubajay
28%
6,312 Villa Libertador San Martín
28%
1,948 Caseros
24%
1,730 Ceibas
24%
8,868 General Ramírez
24%
4,805 Hasenkamp
24%
1,543 La Criolla
24%
6,180 Larroque
24%
453 Nueva Escocia
24%
1,362 Piedras Blancas
24%
976 Pronunciamiento
24%
2,030 Pueblo General Belgrano
24%
9,105 San Benito
24%
2,720 Villa del Rosario
24%
741 Colonia Elía
20%
750 Enrique Carbó
20%
1,251 Herrera
20%
3,306 Los Charrúas
20%
5,870 Maciá
20%
802 Pueblo Brugo
20%
3,695 Seguí
20%
1,791 Villa Domínguez
20%
773 Aldea María Luisa
16%
519 Aldea Protestante
16%
5,310 Cerrito
16%
137 Colonia Alemana
16%
207 Colonia La Argentina
16%
766 El Pingo
16%
316 Estación Yeruá
16%
2,994 General Campos
16%
2,046 Gobernador Mansilla
16%
5,373 Hernandarias
16%
1,177 Los Conquistadores
16%
1,187 Santa Anita
16%
189 Tezanos Pinto
16%
2,726 Villa Clara
16%
1,091 Aldea San Antonio
12%
66 | 179 Aldea San Juan
12%
302 Aldea Santa María
12%
355 Aldea Spatzenkutter
12%
255 Colonia Ensayo
12%
1,339 Conscripto Bernardi
12%
194 El Solar
12%
158 Faustino M. Parera
12%
144 General Almada
12%
996 Gilbert
12%
201 Gobernador Echagüe
12%
436 La Clarita
12%
4,364 Lucas González
12%
1,325 San Gustavo
12%
264 San Pedro
12%
1,427 Villa Mantero
12%
102 Aldea Salto
8%
144 Aldea San Rafael
8%
71 Aldea Santa Rosa
8%
2,149 Aldea Valle María
8%
1,571 Aranguren
8%
489 Arroyo Barú
8%
474 Colonia Avigdor
8%
578 Estancia Grande
8%
491 Gobernador Sola
8%
98 Hocker
8%
631 Jubileo
8%
96 Pastor Britos
8%
2,410 Pueblo Arrúa
8%
215 Villa Gobernador Luis F. Etchevehere
8%
1,337 Villa San Justo
8%
42 Aldea San Francisco
4%
336 Aldea San Isidro
4%
879 Calabacilla
4%
124 Clodomiro Ledesma
4%
155 El Palenque
4%
138 Estación Raíces
4%
190 Estación Yuquerí
4%
438 General Alvear
4%
1,510 Hernández
4%
399 Ingeniero Miguel Sajaroff
4%
564 La Picada
4%
101 Las Tunas
4%
139 Molino Doll
4%
379 Nueva Vizcaya
4%
1,241 Osvaldo Magnasco
4%
296 Pueblo General San Martín
4%
670 Pueblo Liebig's
4%
281 Rocamora
4%
325 San Víctor
4%
281 Sir Leonard
4%
1,322 Tabossi
4%
160 Villa Fontana
4%
639 Villa San Marcial
4%
696 1º de Mayo
0%
263 Aldea Asunción
0%
25 Aldea Grapschental
0%
62 Altamirano Sur
0%
211 Antelo
0%
145 Betbeder
0%
69 Colonia Crespo
0%
640 Colonia General Roca
0%
74 Colonia Hugues
0%
58 Colonia Peña
0%
29 Don Cristóbal
0%
294 Durazno
0%
82 El Ramblón
0%
119 Estación Arroyo Clé
0%
171 Estación Camps
0%
47 Estación Escriña
0%
175 Estación Lazo
0%
121 Febré
0%
514 General Racedo
0%
101 Guardamonte
0%
58 Hambis
0%
298 Irazusta
0%
22 La Juanita
0%
66 Las Guachas
0%
44 Las Jaulas
0%
383 Las Moscas
0%
230 Líbaros
0%
59 Paraje La Virgen
0%
348 Paso de la Laguna
0%
516 Pedernal
0%
282 Pueblo Bellocq
0%
205 Pueblo Cazes
0%
585 Puerto Las Cuevas
0%
347 Puerto Ruiz
0%
34 San Ramón
0%
746 Sauce Montrull
0%
107 Sauce Pinto
0%
495 Sosa
0%
No matching quizzes found
Score Distribution
Percent of People with Each Score
Percentile by Number Answered
Your Score History
You have not taken this quiz